000 00500nam a2200217Ia 4500
003 OSt
005 20220928141747.0
006 a|||||r|||| 00| 0
007 ta
008 220927b |||||||| |||| 00| 0 eng d
024 _a17481
037 _cTextual
040 _aSDCL
_cSDCL
_beng
041 _2eng
_aeng
082 _aW, L0
100 _aPlamenatz John
_9502082
245 0 _aIdeology
260 _c1970
942 _hW, L0
_cTEXL
_2CC
999 _c819802
_d819802